Farming in the UK 2004 (Record no. 118399)

MARC details
000 -LEADER
fixed length control field 01292cam a2200193 4500
001 - CONTROL NUMBER
control field WB@3612-799
008 - FIXED-LENGTH DATA ELEMENTS--GENERAL INFORMATION
fixed length control field 041202n2004 000 0 eng u
035 ## - SYSTEM CONTROL NUMBER
System control number (Sirsi) u128184
245 ## - TITLE STATEMENT
Title Farming in the UK 2004
260 ## - PUBLICATION, DISTRIBUTION, ETC.
Date of publication, distribution, etc. 2004
490 ## - SERIES STATEMENT
Series statement Office for National Statistics News Release
Volume/sequential designation 30 November 2004 (6)
520 ## - SUMMARY, ETC.
Summary, etc. Two sets of statistics relating to farming have recently been released by DEFRA and the Office for National Statistics. The two sets should not be compared against each other but are related to each other. "Total income from farming in the UK in 2004" shows that income is forecast to be close to the level recorded in 2003. "Net farm income and cash income by types of farm in England" can be used to compare between different types of farms and covers the 12 month period from March 2003 to February 2004. One result that it shows is that despite lower yields in 2003/04, cereal farms benefitted from higher commodity prices as a result of tighter supplies on both the World and European markets. The full reports are available from the website. http://www.statistics.gov.uk/press_release/current releases.asp
590 ## - LOCAL NOTE (RLIN)
Local note WB
590 ## - LOCAL NOTE (RLIN)
Local note WB
650 ## - SUBJECT ADDED ENTRY--TOPICAL TERM
Topical term or geographic name entry element FARMING
650 ## - SUBJECT ADDED ENTRY--TOPICAL TERM
Topical term or geographic name entry element FARM INCOMES
690 ## - LOCAL SUBJECT ADDED ENTRY--TOPICAL TERM (OCLC, RLIN)
Topical term or geographic name as entry element RURAL-AGRICULTURE AND FORESTRY
942 ## - ADDED ENTRY ELEMENTS (KOHA)
Suppress in OPAC 0
Holdings
Withdrawn status Lost status Source of classification or shelving scheme Damaged status Not for loan Home library Current library Shelving location Date acquired Total Checkouts Full call number Barcode Date last seen Copy number Price effective from Koha item type
    Dewey Decimal Classification     London London News article 02/12/2004   WB4046-12 128184-1001 06/08/2019 1 06/08/2019 News article